000 005300000a22001810004500
001 000478
003 MACL
005 20150707155852.0
008 150707b xxu||||| |||| 00| 0 eng d
040 _aMACL
_cMACL
041 _aEnglish
100 _aDube, S. C.
_9643
245 _aAntiquity To Modernity In Tribal India Volume 1
_bContinuity & Change Among Indian Tribes
_cS. C. Dube
260 _aInter I̜ndia Publication,
_c1998
_bNew Delhi
350 _a180
650 _aSocial Science & communities
_91107
942 _k308
_cBK
_2ddc
999 _c480
_d480